000 00636nam a2200229 i 4500
001 C2-0170599
003 PPAK
005 20180728093614.0
008 980805s1978 io a|||| ||||| | may d
040 _aPPAK
_beng
_cPPAK
_erda
082 0 4 _a899.233
_2 23
090 0 0 _a899.233
_bAND
_dKAH
100 0 _aAndi Nurtjahja,
_eauthor
245 1 0 _aKisah semanggi berdaun empat
264 1 _aJakarta, Indonesia :
_bPT Bumirestu ,
_c1978
300 _a57 pages :
_billustrations ;
_c21 cm
336 _2rdacontent
_atext
337 _2rdamedia
_aunmediated
338 _2rdacarrier
_avolume
650 1 0 _aMalay fiction
942 _ddc
_cB
999 _c154081
_d154081